| 000 | 00615nam a2200205 a 4500 | ||
|---|---|---|---|
| 005 | 20241031063739.0 | ||
| 008 | 030325s1997 mx r 000 0 spa d | ||
| 020 | _a8436811305 | ||
| 035 | _aUPN01000123232 | ||
| 049 | _aCG | ||
| 050 | 4 |
_aBF76.5 _bD4.5 |
|
| 100 | 1 | _aDelgado, Ana R. | |
| 245 | 1 | 0 |
_aIntroducción a los métodos de investigación de la psicología / _cAna R. Delgado, Gerardo Prieto. |
| 260 |
_aMadrid : _bPirámide, _cc1997. |
||
| 300 | _a148 p. | ||
| 440 | 0 | _aPsicología | |
| 650 | 4 |
_aPsicología _xInvestigación _xMetodología _913362 |
|
| 700 | 1 |
_aPrieto, Gerardo, _ecoaut. |
|
| 905 | _aLibro | ||
| 999 |
_c95413 _d95413 |
||